000 01229nam a2200337 a 4500
001 dia_5378
003 CHAP
005 20240120062645.0
007 ta
008 220117s1985 mx ad f a001 0 spa d
040 _cCHAP
_amxchpua
090 _aT.C.32
_bI54 IAI
_c1985
245 1 0 _aInforme del viaje de estudios de la generación de 5º año de Industrias Agrícolas al estado de Tabasco /
_c coordinación Ignacio Cobarrubias Gutiérrez...[et al.]
260 _aChapingo, México :
_b El autor,
_c1985
300 _a317 hojas :
_bilustraciones, tablas, graficas
336 _2rdacontent
_atexto
_btxt
337 _2rdamedia
_asin medio
_bn
338 _2rdacarrier
_avolumen
_bnc
502 _aViaje de estudios --
_cUACh. Departamento de Ingeniería Agroindustrial,
_d1985
650 1 3 _aCacao
_9158309
_z México
_zTabasco
650 1 3 _aCoco
_9158310
_zMéxico
_zTabasco
650 1 3 _aCoconuts
_9158311
_zMexico
_zTabasco
650 1 3 _aCopra
_9158312
_zMéxico
_zTabasco
700 1 _aCovarrubias Gutiérrez, Ignacio
_ecoordinador
_928697
901 _aT.C.32 I54 1985
902 _aM
905 _a5332221985 mx aimn8222223322spa16
942 _2local
942 _cVE
999 _c176254
_d176254